00846cam a2200265 a 450000100060000000300080000600500170001400800410003102000200007202000280009203500190012004000230013904100080016208200270017024500780019726000710027530000270034650400510037365000110042465000270043565000270046265000290048965000340051870000280055247057BD-RjUL20211209054243.01608 s2004 ii b 001 0 eng  a0761933247 (hb) a8178294419 (India : hb) a(BD-RjUL)47176 aDLCcDLCdDLCbeng aeng00a305.5122223bCAS 200400aCaste in question : bidentity or hierarchy? /cedited by Dipankar Gupta. aNew Delhi ;aThousand Oaks, Calif. : bSage Publications, cc2004. axxi, 255 p. ; c23 cm. aIncludes bibliographical references and index. 0aCaste. 0aSocial classeszIndia. 0aGroup identityzIndia. 0aSocial structurezIndia. 0aSocial stratificationzIndia.1 aGupta, Dipankar,d1949-